000 00367nam a2200145Ia 4500
008 230711s9999||||xx |||||||||||||| ||und||
041 _aENG
082 _bCA-R
100 _aCadd Center Traning Prt
245 0 _aR2V raster to vector
250 _a1st Ed.
260 _c2001
_aNew Delhi
_bCadd Center Traning Pvt Ltd
650 _aMechanical Engineering
942 _cBK
999 _c4039
_d4039